000 00369nam a22001577a 4500
003 MPLRDC
005 20220104143213.0
008 210129b ||||| |||| 00| 0 eng d
082 _a429.1 YHD
100 _a严浩德编著
245 _a青年性知识
_c
260 _a
_b香港得利书局
_c1981
300 _b
650 _a性知识
942 _cBK
_o429.1 YHD
999 _c37616
_d37606